All Pokémon with Adaptability - Statistics

General Stats
  • This quiz has been taken 15 times
  • The average score is 8 of 15
Answer Stats
(Avail)ability Pokémon % Correct
Hidden Ability Crawdaunt
70%
Hidden Ability Dragalge
70%
Second Ability Eevee
70%
Only Ability Mega Lucario
70%
First Ability Porygon-Z
70%
Hidden Ability Skrelp
70%
Hidden Ability Corphish
60%
Only Ability Mega Beedrill
50%
Second Ability Basculegion
40%
Second Ability Basculin (Blue Striped)
40%
Second Ability Basculin (Red Striped)
40%
Second Ability Basculin (White Striped)
40%
Hidden Ability Yungoos
40%
Hidden Ability Feebas
30%
Hidden Ability Gumshoos
30%
No matching quizzes found
Score Distribution
Percent of People with Each Score
Percentile by Number Answered
Your Score History
You have not taken this quiz